000 00648nam a22002177a 4500
001 0011756
003 DO-SdBNP
005 20180209115248.0
007 0011756
008 161110b 1980 sp||||| |||| 00| 0 spa d
040 _aBPMSU
_bspa
_cBPMSU
082 _axxxxxxxx
_bxxxxxxx
100 1 _aMarqués Suriñach, Juan
245 1 3 _aEl amigo de los niños /
_cJuan Marqués Suriñach ; dibujos Ma. Rosa Ferrer Dalgá
260 _aMadrid :
_bSusaeta,
_c1980.
300 _a159 p. :
_bil.,
_c21 cm.
700 1 _aFerrer Dalgá, Ma. Rosa,
_edibujos
942 _2ddc
_cBK
945 _ainventariado, 2018 / dg
956 _aBTAVÁREZ
_b10
_c20161110
_d0011756
999 _c11890
_d11890